00325nam a2200121Ia 4500008004100000082001800041100001600059245002900075260003300104300000800137630002900145730002900174100122s9999 xx 000 0 und d b61514a823.08 aBLYTON ENID a"GO AHEAD, SECRET SEVEN" bHODDER CHILDREN`S BOOKc2000 a138 a"GO AHEAD, SECRET SEVEN" a"GO AHEAD, SECRET SEVEN"